Top 10 Things To Do In North Yorkshire - Statistics

General Stats
  • This quiz has been taken 75 times
  • The average score is 2 of 10
Answer Stats
Attraction % Correct
6 York Minster
77%
1 National Railway Museum
36%
3 Fountains Abbey and Studley Royal
35%
5 The Shambles
29%
8 York City Walls
20%
4 York Castle Museum
14%
9 Malham Cove
11%
2 York Bird of Prey Centre
2%
7 National Centre for Birds of Prey
0%
10 Nidderdale Llamas
0%
No matching quizzes found
Score Distribution
Percent of People with Each Score
Percentile by Number Answered
Your Score History
You have not taken this quiz